000 00783nam a2200205 i 4500
001 128579
003 ES-MaACL
005 20230906193321.0
007 t|
008 070518s1929 sp ||||1| spa d
100 1 _aTarduchy, Emilio R.
_9109282
245 1 0 _aPsicología del dictador y caracteres más salientes, morales, sociales y políticos, de la dictadura española /
_cEmilio R. Tarduchy ; (prólogo de José de Yanguas Messía).
260 _aMadrid :
_b[s.n.],
_c1929 (
_fImp. Artística)
300 _a320 p. ;
_c19 cm.
600 1 4 _aPrimo de Rivera, Miguel,
_d1870-1930
_9154406
651 4 _aEspaña-
_xHistoria-
_y1923-1930, Dictadura.
_98281
700 1 _aYanguas Messía, José de,
_d1890-1974
_9117556
852 _aES-MaACL
_jB-3341
999 _c128579
_d128579